Answer Key. Grade 3 Mathematics - 2 (Record no. 142)

MARC details
000 -LEADER
fixed length control field 00366nam a22001457a 4500
003 - CONTROL NUMBER IDENTIFIER
control field OSt
005 - DATE AND TIME OF LATEST TRANSACTION
control field 20160727222343.0
008 - FIXED-LENGTH DATA ELEMENTS--GENERAL INFORMATION
fixed length control field 160620b xxu||||| |||| 00| 0 eng d
040 ## - CATALOGING SOURCE
Transcribing agency test
100 ## - MAIN ENTRY--PERSONAL NAME
9 (RLIN) 174
Personal name Row, H
245 ## - TITLE STATEMENT
Title Answer Key. Grade 3 Mathematics - 2
260 ## - PUBLICATION, DISTRIBUTION, ETC. (IMPRINT)
Place of publication, distribution, etc. Horrpor and row
Date of publication, distribution, etc. 1985
300 ## - PHYSICAL DESCRIPTION
Extent Answer Key. Grade 3 Mathematics - 2
942 ## - ADDED ENTRY ELEMENTS (KOHA)
Source of classification or shelving scheme Dewey Decimal Classification
Koha item type BOOK
Holdings
Withdrawn status Lost status Source of classification or shelving scheme Damaged status Not for loan Home library Current library Shelving location Date acquired Total Checkouts Full call number Barcode Date last seen Price effective from Koha item type
    Dewey Decimal Classification     Good Samaritan School Library Good Samaritan School Library   06/20/2016   610 ROW223 06/20/2016 06/20/2016 BOOK

Powered by Koha